| 000 | 00999nam a2200217Ia 4500 | ||
|---|---|---|---|
| 003 | GCL | ||
| 005 | 20240530095627.0 | ||
| 008 | 140319s9999 xx 000 0 ara d | ||
| 040 |
_aGCL / _cGCL |
||
| 082 | 0 | 4 |
_a953.082 _bق/ع ع |
| 100 | 1 | _aالعينى : بدرالدين ابو محمد محمود بن احمد بن موسى بن احمد | |
| 245 | 1 | 0 |
_aعقد الجمان فى تاريخ اهل الزمان : _bعصر سلاطين المماليك ( 4 ) حوادث وتراجم 699 - 707 هـ 1299 - 1307 م / _cالعينى : بدرالدين ابو محمد محمود بن احمد بن موسى بن احمد |
| 250 | _aالثانية | ||
| 260 |
_aالقاهرة : _bالهيئة المصرية العامة للكتاب ، _c1992 |
||
| 300 |
_a661 ص ؛ _c28 سم |
||
| 650 | 0 | 4 | _aدولة المماليك |
| 650 | 0 | 4 | _aالمماليك البحرية |
| 650 | 0 | 4 | _aمصر - تاريخ - العصر الاسلامى |
| 700 | 1 | _aمحمد محمد امين | |
| 942 |
_2ddc _cBK |
||
| 999 |
_c8977 _d8977 |
||